Transformation of ownership in Czechoslovakia.

Podstata privatizácie v Československu. Rast počtu zaregistrovaných súkromných podnikateľov 1990-1991. Reštitúcie. Malá a veľká privatizácia. Počet a hodnota prevádzkových jednotiek v aukciách v r. 1991.

Enregistré dans:
Détails bibliographiques
Auteur principal: Kupka, M.
Format: Chapitre de livre
Langue:anglais
Sujets:
Tags: Ajouter un tag
Pas de tags, Soyez le premier à ajouter un tag!

MARC

LEADER 00000naa a2200000 4500
001 r009723
005 20221213085319.3
041 0 |a eng 
044 |a GB 
245 1 0 |a Transformation of ownership in Czechoslovakia.  |c M. Kupka 
520 |a Podstata privatizácie v Československu. Rast počtu zaregistrovaných súkromných podnikateľov 1990-1991. Reštitúcie. Malá a veľká privatizácia. Počet a hodnota prevádzkových jednotiek v aukciách v r. 1991. 
610 2 0 |a privatizácia 
610 2 0 |a ČSFR 
610 2 0 |a reformy hospodárske 
610 2 0 |a podnik súkromný 
610 2 0 |a 1990-1991 
610 2 0 |a podnikatelia 
610 2 0 |a aukcie 
610 2 0 |a vlastníctvo 
100 1 |a Kupka, M.